|
|
|
|
| LEADER |
00000nam0a2200000 4500 |
| 001 |
59371 |
| 005 |
20231031060245.0 |
| 035 |
|
|
|a (RuTPU)RU\TPU\book\62762
|
| 090 |
|
|
|a 59371
|
| 100 |
|
|
|a 20031225d2003 k y0rusy50 ca
|
| 101 |
0 |
|
|a rus
|
| 102 |
|
|
|a RU
|
| 105 |
|
|
|a a dm 001zy
|
| 200 |
1 |
|
|a Разработка способов взрывной отбойки рудных блоков с учетом напряженно-деформированного состояния массива
|e автореферат диссертации на соискание ученой степени кандидата технических наук
|e Спец. 25.00.22
|f Г. Н. Волченко
|g Институт горного дела; науч. рук. В. М. Серяков
|
| 210 |
|
|
|a Новосибирск
|c [Б. и.]
|d 2003
|
| 215 |
|
|
|a 22 с.
|c ил.
|
| 300 |
|
|
|a Защита сост. 19.12.2003 г.
|
| 320 |
|
|
|a Библиогр.: с. 20-22 (13 назв.)
|
| 610 |
1 |
|
|a горное дело
|
| 610 |
1 |
|
|a железорудные месторождения
|
| 610 |
1 |
|
|a Горная Шория
|
| 610 |
1 |
|
|a Хакасия
|
| 610 |
1 |
|
|a отбойка
|
| 610 |
1 |
|
|a обрушения
|
| 610 |
1 |
|
|a руды
|
| 610 |
1 |
|
|a рудные блоки
|
| 610 |
1 |
|
|a горное давление
|
| 610 |
1 |
|
|a взрывная отбойка
|
| 610 |
1 |
|
|a эффективные способы
|
| 610 |
1 |
|
|a математическое моделирование
|
| 610 |
1 |
|
|a геомеханическое обоснование
|
| 610 |
1 |
|
|a промышленная апробация
|
| 610 |
1 |
|
|a технико-экономическая оценка
|
| 610 |
1 |
|
|a авторефераты диссертаций
|
| 675 |
|
|
|a 622.236.4(04)
|v 3
|
| 686 |
|
|
|a 25.00.22
|2 oksvnk
|
| 700 |
|
1 |
|a Волченко
|b Г. Н.
|g Григорий Николаевич
|
| 712 |
0 |
2 |
|a Российская академия наук
|b Сибирское отделение
|b Институт горного дела (ИГД СО РАН)
|c (Новосибирск)
|2 stltpush
|3 (RuTPU)RU\TPU\col\2521
|
| 801 |
|
1 |
|a RU
|b 63413507
|c 20031225
|g PSBO
|
| 801 |
|
2 |
|a RU
|b 63413507
|c 20071008
|g PSBO
|
| 942 |
|
|
|c BK
|